| 000 | 00602nam a2200193Ia 4500 | ||
|---|---|---|---|
| 999 |
_c8595 _d8595 |
||
| 003 | OSt | ||
| 005 | 20201012105527.0 | ||
| 008 | 190216s9999||||xx |||||||||||||| ||und|| | ||
| 020 | _a8190082809 | ||
| 040 | _coclc | ||
| 082 |
_a004.165 _bGAO/M |
||
| 100 |
_aGaonkar, Ramesh S _94715 |
||
| 245 | 0 |
_aMicroprocessor, Architecture,Programming And Applications With The 8085 / _c Ramesh S Gaonkar |
|
| 250 | _a3rd Ed. | ||
| 260 |
_bPenram International Publishing India, _c1999. _aMumbai: |
||
| 300 | _a739p | ||
| 650 | _aPhysics | ||
| 942 |
_cBK _2ddc _h004.165 _iGAO/M _k004.165 _mGAO/M |
||